Central Library OPAC University of Rajshahi

Perspectives of public administration / (Record no. 59411)

MARC details
000 -LEADER
fixed length control field 00749nam a22002537a 4500
001 - CONTROL NUMBER
control field 59411
003 - CONTROL NUMBER IDENTIFIER
rucl marc code BD-RjUL
005 - DATE AND TIME OF LATEST TRANSACTION
control field 20211209080727.0
008 - FIXED-LENGTH DATA ELEMENTS--GENERAL INFORMATION
fixed length control field 161224s2006 bg ||||| |||| 001 0 eng d
020 ## - INTERNATIONAL STANDARD BOOK NUMBER
International Standard Book Number 8178802422
035 ## - SYSTEM CONTROL NUMBER
System control number (BD-RjUL) 59535
040 ## - CATALOGING SOURCE
Original cataloging agency BD-RjUL
Language of cataloging eng
Transcribing agency BD-RjUL
041 ## - LANGUAGE CODE
Language code of text/sound track or separate title eng
082 ## - DEWEY DECIMAL CLASSIFICATION NUMBER
Edition number 23
Classification number 320.954
Author mark and year ARP 2006
100 1# - MAIN ENTRY--PERSONAL NAME
Personal name Arora, R. K.
9 (RLIN) 176152
245 10 - TITLE STATEMENT
Title Perspectives of public administration /
Statement of responsibility, etc. Arora R. K.
260 ## - PUBLICATION, DISTRIBUTION, ETC. (IMPRINT)
Place of publication, distribution, etc. New Delhi, India :
Name of publisher, distributor, etc. Rajat Publications,
Date of publication, distribution, etc. c2006
300 ## - PHYSICAL DESCRIPTION
Pagination 287 p. :
Illustrations ill. ;
Size 23 cm
500 ## - GENERAL NOTE
General note Includes index.
650 ## - SUBJECT ADDED ENTRY--TOPICAL TERM
Topical term or geographic name as entry element Politics and government
Geographic subdivision India
9 (RLIN) 176698
Topical term or geographic name as entry element Politics and government
9 (RLIN) 173444
Topical term or geographic name as entry element Public administration
9 (RLIN) 174881
942 ## - ADDED ENTRY ELEMENTS (KOHA)
Source of classification or shelving scheme Dewey Decimal Classification
Koha item type Books
Holdings
Lost status Source of classification or shelving scheme Damaged status Not for loan Collection code Permanent Location Current Location Shelving location Date acquired Source of acquisition Cost, normal purchase price Total Checkouts Full call number Date last seen Copy number Koha item type
  Dewey Decimal Classification   Not For Loan Non-fiction Central Library, University of Rajshahi Central Library, University of Rajshahi Reading Room 28/09/2010 Paragon Enterprise Ltd., Dhaka 750.00   320.954 ARP 2006 24/12/2016 C-1 Books